Movies Quiz

Random Movies Quiz
Score 0/26 Timer 03:00
0 Plays Today
Hint Answer % Correct
You Only ____ TwiceLive
92.5%
Tomorrow _____ ComesNever
92.5%
Last In, First ___Out
92.5%
A ____ of Two CitiesTale
92.5%
The _____ EscapeGreat
90.6%
_____ VIII and His Six WivesHenry
88.7%
Escape from New ____York
88.7%
Ground ____Zero
88.7%
Escape to Witch ________Mountain
86.8%
Look Back in _____Anger
84.9%
The _____ Has Landed Eagle
83%
TH_ 1138 X
83%
Alone in the ____Dark
79.2%
Hint Answer % Correct
____ and LoversSons
77.4%
Ten Little _______Indians
73.6%
To ____ a StrangerKill
73.6%
_________ VoyageFantastic
71.7%
The ____ PiperPied
71.7%
The ___ Freeze Big
69.8%
The ____ of ChangeWind
56.6%
_______ Into FearJourney
50.9%
Warrior _____Queen
43.4%
The House of _____Usher
41.5%
Spare the ___Rod
39.6%
_____ for MoneyValue
18.9%
Trial by ______Combat
13.2%
Remove Ads.
Support Sporcle.
Get the best of Sporcle when you Go Orange. This ad-free experience offers more features, more stats, and more fun while also helping to support Sporcle. Thank you for becoming a member.

You're not logged in!

Compare scores with friends on all Sporcle quizzes.
OR
Log In

Show Comments

Extras

Created Dec 31, 2014ReportNominate
Tags:donald

Top Quizzes Today


Score Distribution

Your Account Isn't Verified!

In order to create a playlist on Sporcle, you need to verify the email address you used during registration. Go to your Sporcle Settings to finish the process.

Report this User

Report this user for behavior that violates our Community Guidelines.

Details: